书目信息 |
| 书名: | The AIDS reader | |
| 作者: | edited by Nancy F. McKenzie. | |
| 分册号: | ||
| 分册名: | 出版地: | New York, N.Y., U.S.A. : |
|
| 出版社: | Meridian | |
| 出版时间: | c1991. | |
| 页数: | x, 597 p. ; | |
| 开本: | 21 cm. | |
| 丛书名: | ||
| 中图分类号: | ||
| 科图分类号: | ||
| 其他分类号: | B82 | |
| 主题词: | ||
| 电子资源: | ||
| 000 | 01068pam a2200289 a 450 | |
| 001 | E0734884426 | |
| 005 | 20070515094349.56 | |
| 008 | 900928s1991 nyu b 000 0 eng | |
| 010 | @a90020125 | |
| 020 | @a0452010721 :@c$13.95. | |
| 035 | @A(DLC) 90020125 | |
| 040 | @aDLC@cDLC@dDLC | |
| 050 | 00 | @aRC607.A26@bA348914 1991 |
| 082 | 00 | @a362.1/969792@2 20 |
| 090 | @aB82 | |
| 099 | @dB82@ex39 | |
| 245 | 04 | @aThe AIDS reader :@bsocial, political, and ethical issues / @cedited by Nancy F. McKenzie. |
| 260 | @aNew York, N.Y., U.S.A. :@bMeridian,@cc1991. | |
| 300 | @ax, 597 p. ;@c21 cm. | |
| 504 | @aIncludes bibliographical references. | |
| 650 | 0 | @aAIDS (Disease)@xSocial aspects. |
| 650 | 0 | @aAIDS (Disease)@xPolitical aspects. |
| 650 | 0 | @aAIDS (Disease)@xMoral and ethical aspects. |
| 700 | 1 | @aMcKenzie, Nancy F. |
| 906 | @a7@bcbc@corignew@d1@eocip@f19@gy-gencatlg | |
| 955 | @apc16 to ba00 09-28-90; ba08/ba30 10-02-90; ff04 10-03-90; fm22 10-04-90; CIP ver. ea07 to SL 05-08-91 | |
| 991 | @bc-GenColl@hRC607.A26@iA348914 1991@tCopy 1@wBOOKS | |
| The AIDS reader : : social, political, and ethical issues / / edited by Nancy F. McKenzie.-New York, N.Y., U.S.A. : : Meridian, , c1991. |
| x, 597 p. ; ; 21 cm. |
| Includes bibliographical references. |
| ISBN 0452010721 :$13.95. |
| ● |
| 相关链接 |
|
|
|
|
正题名:AIDS reader
索取号:B82/x39
 
预约/预借
| 序号 | 登录号 | 条形码 | 馆藏地/架位号 | 状态 | 备注 |
| 1 | 9189 | 300091898 | 第二样本阅览室/ [索取号:B82/x39] | 在馆 | |
| 2 | 9190 | 300091905 | 密集书库/ [索取号:B82/x39] | 在馆 | |
| 3 | 9191 | 300091914 | 第四借阅区/ [索取号:B82/x39] | 在馆 | |
| 4 | 9192 | 300091923 | 第四借阅区/ [索取号:B82/x39] | 在馆 | |
| 5 | 9193 | 300091932 | 第四借阅区/ [索取号:B82/x39] | 在馆 | |
| 6 | 9194 | 300091941 | 密集书库/ [索取号:B82/x39] | 在馆 |